000161592 001__ 161592
000161592 005__ 20250613111201.0
000161592 037__ $$aTAZ-TFG-2018-2715
000161592 041__ $$aspa
000161592 1001_ $$aCampos Arregui, Sonia
000161592 24200 $$aBig-Five and first-time: risk and protection factors in drug use
000161592 24500 $$aLos cinco grandes y la edad de inicio: factores de riesgo y protección en el consumo de drogas
000161592 260__ $$aZaragoza$$bUniversidad de Zaragoza$$c2018
000161592 500__ $$aAporta en secretaría material físico. Resumen disponible también en Inglés.
000161592 506__ $$aby-nc-sa$$bCreative Commons$$c3.0$$uhttp://creativecommons.org/licenses/by-nc-sa/3.0/
000161592 520__ $$aLos rasgos de personalidad han mostrado ser predictores estables del consumo de drogas. El objetivo de este estudio fue analizar conjuntamente el nivel de relación entre los cinco factores de personalidad con el consumo de drogas, además de con otras variables sociodemográficas. La muestra estuvo compuesta de 444 personas que de forma voluntaria y anónima completaron un cuestionario de datos sociodemográficos (sexo y edad), frecuencia de consumo de drogas (YRBS), y de rasgos de personalidad (Mini-IPIP). Los análisis de regresión mostraron que tanto la edad de inicio, el sexo como algunos factores de personalidad predijeron conjuntamente el 19,5% del consumo de alcohol, el 35,1% del consumo de marihuana y el 17,4% del consumo de otras drogas. Se encontró que la extraversión funciona como un factor de riesgo en el consumo de alcohol y marihuana, también la apertura a la experiencia en el consumo de marihuana. Se halló que la amabilidad funciona como factor de protección en el consumo de otras drogas junto con la responsabilidad, que también funciona en el consumo de marihuana y alcohol. Por lo tanto, para una prevención eficaz habrá que tener en cuenta todas las variables citadas anteriormente y los rasgos de personalidad específicos para cada sustancia.<br />
000161592 521__ $$aGraduado en Psicología
000161592 540__ $$aDerechos regulados por licencia Creative Commons
000161592 700__ $$aMartínez Molina, Agustín$$edir.
000161592 7102_ $$aUniversidad de Zaragoza$$bPsicología y Sociología$$cMetod. de las Ciencias del Comportamiento
000161592 8560_ $$f699253@celes.unizar.es
000161592 8564_ $$s233778$$uhttps://zaguan.unizar.es/record/161592/files/TAZ-TFG-2018-2715.pdf$$yMemoria (spa)
000161592 909CO $$ooai:zaguan.unizar.es:161592$$pdriver$$ptrabajos-fin-grado
000161592 950__ $$a
000161592 951__ $$adeposita:2025-06-13
000161592 980__ $$aTAZ$$bTFG$$cFCSH
000161592 999__ $$a20180705191427.CREATION_DATE